000
00275nam a22001217a 4500
008
180109b xxu||||| |||| 00| 0 eng d
041
_a
eng
080
_a
710
100
_a
44
101
_a
ART
245
_a
The Art and Industry of Sanscastyles
_c
Adkinsm J
942
_2
udc
_c
BK
999
_c
39862
_d
39862